Internal market strategy priorities 2003-2006

Salvato in:
Dettagli Bibliografici
Ente Autore: European Commission
Natura: Libro
Lingua:inglese
Pubblicazione: Luxembourg Office for Official Publications of the European Communities 2004
Soggetti:
Tags: Aggiungi Tag
Nessun Tag, puoi essere il primo ad aggiungerne!!

MARC

LEADER 00000nam$a2200000$$$4500
001 0019251
005 20240318114432.9
020 |a 92-894-6974-9 
041 0 |a eng 
044 |a LU 
245 1 0 |a Internal market strategy priorities 2003-2006 
264 1 |a Luxembourg  |b Office for Official Publications of the European Communities  |c 2004 
300 |a 49 s. 
610 2 0 |a trh vnútorný 
610 2 0 |a stratégia hospodárska 
610 2 0 |a Európske spoločenstvá 
610 2 0 |a reformy hospodárske 
610 2 0 |a Európska únia 
610 2 0 |a regulácia trhu 
110 2 |a European Commission